000 01176nam a2200325 i 4500
003 EG-GICUC
005 20260504123212.0
008 260504s1904 us fr|||| 001 0 eng d
040 _aEG-GiCUC
_beng
_cEG-GiCUC
_dEG-GiCUC
_erda
041 0 _aeng
082 0 4 _221
_a342٫9
_bBO . E
092 0 4 _221
099 _aLaw1 08 342٫9 BO . E 1 ed - 1904
100 1 _a Boutmy, Émile.
_eAuthor.
245 1 4 _a The English people :
_b a study of their political psychology /
_cby Émile Boutmy ; translated from the French by E. English ; with an introduction by John Edward Courtenay Bodley.
264 1 _a London :
_b T. Fisher Unwin .paternoster Square,
_c1904.
300 _a332 pages :
_c24 cm
336 _2rda content
_atext
337 _2rda media
_aComputer
338 _2rda carrier
_aOnline Resource
504 _aIncludes bibliographical references.
546 _aText in English
650 1 4 _aConstitutional law.
_2qrmak
651 1 _2qrmak
700 1 _a English, E.,
_eTranslator.
700 1 _a Bodley, John Edward Courtenay,
_epresenter
856 4 0 _uhttps://fll.law.cu.edu.eg/fulltext/bks/B08-05073.pdf
905 _a171
942 _2ddc
_cBK
_e21
_n0
999 _c75485
_d75485